000 00750cab a2200229 4500
001 ABS52236
008 090401t1995 xxu||||| |||| 00| 0 eng d
035 _a(Sirsi) u67265
041 _aeng
100 _aMcCormack, S.
245 _aFormwork and foundations
260 _c1995
350 _a0
490 _aContract Journal
_v377(6012) 16 February 1995, 20-33(12)
520 _aA state-of-the-art assessment of formwork and foundations including examples of on-going projects concluding with a products feature.
650 _aFORMWORK
650 _aBUILT ENVIRONMENT-BUILDING ELEMENTS-COMPLETE BUILDING ELEMENTS-FOUNDATIONS
650 _aPILING
690 _aBUILT ENVIRONMENT-CONSTRUCTION DESIGN
942 _n0
948 _c04/03/1997
999 _c42095
_d42095